1. Fc Köln Frauen Kader 24/25 - Statistiken

Allgemein
  • Dieses Quiz wurde 19 mal gespielt
  • Das Durchschnittsergebnis liegt bei 14 aus 26
Antwortstatistiken
Trikotnummer Position Spielerin % Korrekt
21 Abwehr Anna Gerhardt
88%
12 Tor Paula Hoppe
82%
1 Tor Jasmin Pal
76%
24 Tor Josefine Osigus
76%
8 Mittelfeld Laura Vogt
76%
27 Mittelfeld Laura Feiersinger
71%
18 Mittelfeld Taylor Ziemer
71%
4 Abwehr Sara Agrez
65%
25 Abwehr Laura Donhauser
59%
26 Mittelfeld Martyna Wiankowska
59%
17 Angriff Nicole Billa
59%
7 Angriff Anna-Lena Stolze
53%
5 Abwehr Celina Degen
53%
28 Abwehr Janina Hechler
53%
29 Angriff Vanessa Leimen-Stoll
53%
11 Mittelfeld Alena Bienz
47%
23 Tor Aurora Mikalsen
47%
19 Angriff Dóra Zeller
47%
22 Mittelfeld Julia Schiffarth
47%
14 Abwehr Carlotta Imping
41%
6 Mittelfeld Lotta Cordes
41%
15 Abwehr Amelie Bohnen
35%
16 Mittelfeld Lilith Schmidt
35%
20 Abwehr Sylwia Matysik
35%
9 Mittelfeld Adriana Achcinska
29%
10 Angriff Amélie Delabre
29%
Keine übereinstimmenden Quizze gefunden
Verteilung der Resultate
Anzahl Personen mit jedem Resultat
Perzentil nach korrekt beantworteten Fragen
Ihre Resultats-Entwicklung
Sie haben dieses Quiz noch nicht gespielt